<?xml version="1.0" encoding="UTF-8"?><?xml-stylesheet type="text/xsl" href="static/style.xsl"?><OAI-PMH xmlns="http://www.openarchives.org/OAI/2.0/" xmlns:xsi="http://www.w3.org/2001/XMLSchema-instance" xsi:schemaLocation="http://www.openarchives.org/OAI/2.0/ http://www.openarchives.org/OAI/2.0/OAI-PMH.xsd"><responseDate>2026-04-13T07:06:27Z</responseDate><request verb="GetRecord" identifier="oai:www.recercat.cat:10459.1/72306" metadataPrefix="marc">https://recercat.cat/oai/request</request><GetRecord><record><header><identifier>oai:recercat.cat:10459.1/72306</identifier><datestamp>2024-12-05T23:05:30Z</datestamp><setSpec>com_2072_3622</setSpec><setSpec>col_2072_478537</setSpec></header><metadata><record xmlns="http://www.loc.gov/MARC21/slim" xmlns:dcterms="http://purl.org/dc/terms/" xmlns:xsi="http://www.w3.org/2001/XMLSchema-instance" xmlns:doc="http://www.lyncode.com/xoai" xsi:schemaLocation="http://www.loc.gov/MARC21/slim http://www.loc.gov/standards/marcxml/schema/MARC21slim.xsd">
   <leader>00925njm 22002777a 4500</leader>
   <datafield ind2=" " ind1=" " tag="042">
      <subfield code="a">dc</subfield>
   </datafield>
   <datafield ind2=" " ind1=" " tag="720">
      <subfield code="a">Minero Pulido, Yolanda</subfield>
      <subfield code="e">author</subfield>
   </datafield>
   <datafield ind2=" " ind1=" " tag="260">
      <subfield code="c">2021-11-14T11:43:16Z</subfield>
   </datafield>
   <datafield ind2=" " ind1=" " tag="260">
      <subfield code="c">2021-11-14T11:43:16Z</subfield>
   </datafield>
   <datafield ind2=" " ind1=" " tag="260">
      <subfield code="c">2021</subfield>
   </datafield>
   <datafield ind2=" " ind1=" " tag="520">
      <subfield code="a">El meu treball de fi de grau consisteix principalment en l’escriptura d’un guió audiovisual que, en aquest cas, es titula “Olivia y Philip” i parla sobre la relació de dos germans que són separats quan són petits a causa de la negligència de la seva mare biològica, però vint anys més tard es tornen a retrobar desconeixent per complet quina és la seva verdadera identitat. Amb l’objectiu principal de posar en pràctica tot el que he après durant aquests quatre anys de carrera i de, com una esponja, absorbir tot el que pugui en cada part del treball. A partir dels meus coneixements base, he creat aquesta història inspirada en algunes referències que prèviament he analitzat detalladament i en algunes persones del meu voltant com amics i família.</subfield>
   </datafield>
   <datafield ind2=" " ind1=" " tag="520">
      <subfield code="a">Mi trabajo de fin de grado consiste principalmente en la escritura de un guión audiovisual que, en este caso, se titula "Olivia y Philip" y habla sobre la relación de dos hermanos que son separados cuando son pequeños debido a la negligencia de su madre biológica, pero veinte años más tarde se vuelven a reencontrar desconociendo por completo cuál es su verdadera identidad. Con el objetivo principal de poner en práctica todo lo que he aprendido durante estos cuatro años de carrera y de, como una esponja, absorber todo lo que pueda en cada parte del trabajo. A partir de mis conocimientos base, he creado esta historia inspirada en algunas referencias que previamente he analizado detalladamente y en algunas personas de mi alrededor como amigos y familia.</subfield>
   </datafield>
   <datafield ind2=" " ind1=" " tag="520">
      <subfield code="a">My final degree project consists mainly of writing an audiovisual script which, in this case, is entitled “Olivia and Philip” and talks about the relationship of two brothers who are separated when they are small due to negligence. of their biological mother, but twenty years later they are reunited completely unaware of what their true identity is. With the main goal of putting into practice everything I’ve learned during these four years of my career and, like a sponge, absorbing everything I can into every part of the job. From my basic knowledge, I created this story inspired by some references that I have previously analyzed in detail and by some people around me such as friends and family.</subfield>
   </datafield>
   <datafield ind1="8" ind2=" " tag="024">
      <subfield code="a">http://hdl.handle.net/10459.1/72306</subfield>
   </datafield>
   <datafield tag="653" ind2=" " ind1=" ">
      <subfield code="a">Guió audiovisual</subfield>
   </datafield>
   <datafield tag="653" ind2=" " ind1=" ">
      <subfield code="a">treball</subfield>
   </datafield>
   <datafield tag="653" ind2=" " ind1=" ">
      <subfield code="a">família</subfield>
   </datafield>
   <datafield tag="653" ind2=" " ind1=" ">
      <subfield code="a">germans</subfield>
   </datafield>
   <datafield tag="653" ind2=" " ind1=" ">
      <subfield code="a">música</subfield>
   </datafield>
   <datafield tag="653" ind2=" " ind1=" ">
      <subfield code="a">Audiovisual script</subfield>
   </datafield>
   <datafield tag="653" ind2=" " ind1=" ">
      <subfield code="a">brothers</subfield>
   </datafield>
   <datafield tag="653" ind2=" " ind1=" ">
      <subfield code="a">Guions cinematogràfics</subfield>
   </datafield>
   <datafield tag="653" ind2=" " ind1=" ">
      <subfield code="a">família</subfield>
   </datafield>
   <datafield tag="653" ind2=" " ind1=" ">
      <subfield code="a">germans</subfield>
   </datafield>
   <datafield ind2="0" ind1="0" tag="245">
      <subfield code="a">Olivia y Philip. Guió cinematogràfic</subfield>
   </datafield>
</record></metadata></record></GetRecord></OAI-PMH>